00337nam a2200121Ia 4500008004100000041000800041082001400049100001900063245004500082260004400127300003300171365001100204240624s9999 xx 000 0 und d aeng a658.8 LUS aLUSCH ROBERT F aSERVICE DOMINANT LOGIC OF MARKETING DIAL c2006aNew DelhibPrentice-Hall of India axviii, : 449 : p. : cm. ; 24 cRSb20